000 00633nam a22002177a 4500
003 UA-OsUOA
001 38339
007 ta
008 20060504b un ||||| |||| 00| 0 ukr d
100 _aВыдрин А.П.
090 _a81
_bВ11
942 _cSA
040 _aUA-OsUOA
_brus
_cUA-OsUOA
_dUA-OsUOA
245 _aВопросы граматической семантики глагола языка дари
300 _a128-132 с.
955 _a0
041 _arus
080 _a81
773 0 _w38337
650 7 _a8 Мовознавство. Художня література. Літературознавство
_2UDC
999 _c324505
_d324505